Szczegóły MARC21

Słownik wyrazów obcych PWN /

005 -DATA I CZAS OSTATNIEJ MODYFIKACJI [,]
    • @
    • pole kontrolne
    • 20090108143538.0
020 -Międzynarod. znormalizowany nr książki - ISBN [ , ]
    • a
    • Numer ISBN
    • 9788301141967 Find
020 -Międzynarod. znormalizowany nr książki - ISBN [ , ]
    • a
    • Numer ISBN
    • 8301141964 Find
040 -Instytucja sporządzająca opis [ , ]
    • a
    • Instytucja, która sporządziła opis (NP)
    • SZCZ U/BS
    • c
    • Instytucja, która sporządziła rekord (NP)
    • SZCZ U/BS
    • d
    • Instytucja, która zmodyfikowała rekord (P)
    • SZCZ U/AP
041 -Język dokumentu [0, ]
    • a
    • Język tekstu (P)
    • polski
044 -Kraj miejsca wydania [ , ]
    • a
    • Kraj miejsca wydania
    • Polska
942 -Rodzaj dokumentu [ , ]
    • c
    • Rodzaj dokumentu
    • Książka
100 -Hasło główne - nazwa osobowa [1, ]
    • a
    • Nazwa osobowa (NP)
    • Wiśniakowska, Lidia.
    • 9
    • KHW
    • 273
245 -Strefa tytułu i oznaczenia odpowiedzialności [1,0]
    • a
    • Tytuł
    • Słownik wyrazów obcych PWN / Find
    • c
    • Pozostałe elementy strefy tytułu i oznaczenia odpowiedzialności (NP)
    • oprac. Lidia Wiśniakowska ; [oprac. etymologii Andrzej Bańkowski i in. ; oprac. działu "Addenda" Krystyna Długosz-Kurczabowa].
250 -Strefa wydania [ , ]
    • a
    • Oznaczenie wydania (NP)
    • Wyd. 1, 1. dodr.
260 -Strefa adresu wydawniczego [ , ]
    • a
    • Miejsce wydania (P)
    • Warszawa :
    • b
    • Nazwa wydawcy (P)
    • Wydawnictwo Naukowe PWN,
    • c
    • Data wydania (P)
    • 2006.
300 -Strefa opisu fizycznego [ , ]
    • a
    • Określenie formy książki i/lub objętość (NP)
    • XIX, 1068 s. ;
    • c
    • Format (NP)
    • 21 cm +
    • e
    • Oznaczenie dokumentu towarzyszącego (NP)
    • CD-ROM.
500 -Uwaga ogólna [ , ]
    • a
    • Uwaga ogólna (NP)
    • Kiążkę oprac. na pdst. "Wielkiego słownika wyrazów obcych PWN" pod red. dr. hab. Mirosława Bańki.
500 -Uwaga ogólna [ , ]
    • a
    • Uwaga ogólna (NP)
    • Dołączony CD-ROM zawiera eletroniczną wersję słownika.
504 -Uwaga dot. bibliogr. załącznikowej [ , ]
    • a
    • Uwaga dot. bibliografii załącznikowej
    • Ind.
080 -Uniwersalna Klasyfikacja Dziesiętna [ , ]
    • 2
    • Identyfikator wydania tablic
    • UDC-P058
    • a
    • Symbol klasyfikacji
    • 811.162.1’373.45’374
    • b
    • Dopowiedzenie
    • Język polski. - Słowniki wyrazów obcych.
980 -Symbol UKD [ , ]
    • a
    • UKD
    • 811.162.1’373.45’374
700 -Hasło dodatkowe - nazwa osobowa [1, ]
    • a
    • Nazwa osobowa (NP)
    • Bańkowski, Andrzej Find
    • d
    • Daty biograficzne (NP)
    • (1931- ).
    • e
    • Określenie rodzaju współpracy
    • Oprac.
700 -Hasło dodatkowe - nazwa osobowa [1, ]
    • a
    • Nazwa osobowa (NP)
    • Długosz-Kurczabowa, Krystyna Find
    • e
    • Określenie rodzaju współpracy
    • Oprac.
    • 9
    • KHW
    • 66408
    • d
    • Daty biograficzne (NP)
    • (1940-2016).
920 -ISBN [ , ]
    • a
    • ISBN
    • 978-83-01-14196-7 Find
920 -ISBN [ , ]
    • a
    • ISBN
    • 83-01-14196-4 Find
Numer inwentarzowy Status udost. Uwagi nie widoczne w OPAC Data inwentaryzacji Lokalizacja
Bl.111521+ płyta CD2008-12-17BG